Caricamento...

George Eliot: Silas Marner /

Dettagli Bibliografici
Natura: Printed Book
Lingua:English
Pubblicazione: 1975.
LEADER 00272nam a2200085Ia 4500
008 121027s9999 xx 000 0 eng d
245 |a George Eliot: Silas Marner / 
260 |c 1975. 
999 |c 65379  |d 65379 
952 |0 1  |1 0  |4 0  |7 0  |9 65356  |a UL  |b UL  |c ST1  |d 2012-10-27  |l 0  |p G4253  |r 2012-10-27  |w 2012-10-27  |y BK